Équipes type en Ligue 1 - Trophées UNFP (2010-2019) - Statistiques

Statistiques générales
  • Ce quiz a été pris 60 fois
  • Le résultat moyen est 89 sur 110
Statistiques - réponses
POSTE PAYS CLUB JOUEUR % Correct
ATT France OL Alexandre Lacazette
98%
ATT France AS Monaco | PSG Kylian Mbappé
98%
MIL Italie PSG Marco Verratti
98%
G France OM Steve Mandanda
98%
DEF Brésil PSG Thiago Silva
98%
MIL Portugal AS Monaco Bernardo Silva
96%
ATT Uruguay PSG Edinson Cavani
96%
DEF Brésil PSG Marquinhos
96%
ATT Suède PSG Zlatan Ibrahimović
96%
ATT Brésil PSG Neymar Jr
95%
DEF France AS Monaco Benjamin Mendy
93%
G Croatie AS Monaco Danijel Subašić
93%
ATT Belgique LOSC Eden Hazard
93%
DEF France OL Ferland Mendy
93%
ATT France Montpellier HSC Olivier Giroud
93%
ATT Argentine PSG Ángel Di María
91%
G Italie PSG Salvatore Sirigu
91%
DEF Côte d'Ivoire PSG | Toulouse FC Serge Aurier
91%
MIL France Girondins de Bordeaux Yoann Gourcuff
91%
G France OL Hugo Lloris
89%
ATT Argentine OL Lisandro López
89%
DEF Brésil PSG Maxwell
89%
ATT Côte d'Ivoire LOSC Nicolas Pépé
89%
ATT Gabon AS Saint-Étienne Pierre-Emerick Aubameyang
89%
MIL France PSG Blaise Matuidi
87%
MIL Colombie AS Monaco James Rodríguez
87%
DEF Pologne AS Monaco Kamil Glik
87%
MIL Italie PSG Thiago Motta
87%
DEF Brésil PSG Dani Alves
85%
DEF Brésil PSG David Luiz
85%
DEF France AS Monaco Djibril Sidibé
85%
G France LOSC Mike Maignan
85%
MIL France OL Nabil Fekir
85%
MIL France LOSC | OM Dimitri Payet
80%
DEF France OL | PSG Christophe Jallet
78%
MIL Argentine PSG Javier Pastore
78%
DEF Brésil Montpellier HSC Vitorino Hilton
75%
MIL Brésil PSG Nenê
73%
DEF France AS Saint-Étienne Loïc Perrin
71%
ATT Sénégal OM Mamadou Niang
71%
ATT France OGC Nice Hatem Ben Arfa
69%
ATT Maroc Girondins de Bordeaux Marouane Chamakh
67%
ATT Sénégal LOSC Moussa Sow
67%
ATT France FC Lorient Kevin Gameiro
65%
MIL Brésil OM Luiz Gustavo
65%
DEF France PSG Mamadou Sakho
64%
DEF Sénégal OM Souleymane Diawara
64%
MIL Maroc Montpellier HSC Younès Belhanda
64%
MIL Côte d'Ivoire OGC Nice Jean Michaël Seri
62%
DEF Nigeria OM Taye Taiwo
58%
MIL France OM Lassana Diarra
55%
DEF France AS Monaco Layvin Kurzawa
55%
DEF France Girondins de Bordeaux Benoît Trémoulinas
53%
MIL France OM Benpît Cheyrou
53%
DEF Cameroun OM Nicolas Nkoulou
53%
MIL Côte d'Ivoire LOSC Gervinho
51%
MIL France LOSC Rio Mavuba
51%
MIL France OM Mathieu Valbuena
49%
MIL France OL Tanguy Ndombele
47%
DEF France OL Anthony Réveillère
44%
DEF France RC Strasbourg Keny Lala
44%
DEF France LOSC Mathieu Debuchy
44%
DEF France LOSC Adil Rami
42%
DEF Cameroun Montpellier HSC Henri Bedimo
40%
DEF France OM Rod Fanni
29%
MIL France Stade Rennais Yann M'Vila
27%
MIL France Toulouse FC Étienne Capoue
20%
DEF France Girondins de Bordeaux Michaël Ciani
16%
Aucun quiz correspondant
Distribution des résultats
% des personnes avec chaque résultat
Percentile par nombre de réponses
Votre historique - résultats
Vous n’avez pas pris ce quiz